100 Biggest Cities of Hungary on a Map - Statistics

General Stats
  • This quiz has been taken 1,166 times
  • The average score is 55 of 100
Answers on the Map
Answers color-coded by a green-red scale on the quiz's map according to % correct below.
 
Answer Stats
Popluation City % Correct
1,685,342 Budapest
99%
127,599 Győr
95%
199,858 Debrecen
94%
139,330 Pécs
93%
158,797 Szeged
93%
147,533 Miskolc
90%
60,334 Sopron
89%
95,045 Székesfehérvár
86%
116,282 Nyíregyháza
83%
78,190 Szombathely
83%
108,120 Kecskemét
82%
49,182 Eger
81%
23,323 Tata
81%
55,910 Veszprém
81%
66,061 Szolnok
80%
65,830 Tatabánya
80%
54,428 Zalaegerszeg
80%
28,612 Esztergom
79%
17,678 Békés
78%
55,164 Békéscsaba
77%
23,742 Siófok
76%
42,099 Dunaújváros
74%
71,253 Érd
73%
59,397 Kaposvár
73%
18,818 Komárom
71%
33,935 Mosonmagyaróvár
71%
29,889 Szekszárd
70%
43,228 Nagykanizsa
68%
31,312 Salgótarján
68%
34,449 Vác
67%
18,039 Keszthely
65%
21,897 Göd
64%
41,634 Hódmezővásárhely
64%
27,933 Gyula
63%
17,417 Paks
63%
36,200 Cegléd
61%
33,140 Baja
60%
29,019 Pápa
60%
29,024 Budaörs
58%
32,625 Gödöllő
58%
31,022 Ózd
58%
43,858 Dunakeszi
57%
19,989 Hatvan
57%
17,239 Mohács
57%
28,524 Szentendre
57%
27,648 Gyöngyös
55%
23,174 Hajdúszoboszló
55%
28,872 Kiskunfélegyháza
54%
21,878 Makó
51%
26,705 Ajka
50%
15,575 Budakeszi
49%
26,115 Jászberény
49%
14,367 Tapolca
49%
14,362 Tiszaújváros
49%
26,784 Kiskunhalas
47%
40,679 Szigetszentmiklós
47%
21,134 Vecsés
47%
15,529 Csongrád
46%
24,371 Kazincbarcika
46%
14,185 Balassagyarmat
45%
15,013 Kalocsa
45%
13,531 Sátoraljaújhely
45%
29,374 Hajdúböszörmény
44%
25,079 Szentes
44%
14,314 Sárvár
43%
17,259 Dombóvár
42%
21,917 Komló
42%
25,783 Orosháza
42%
15,504 Mezőkövesd
40%
15,095 Kisvárda
39%
15,653 Mátészalka
39%
23,116 Nagykőrös
38%
18,078 Oroszlány
38%
17,535 Százhalombatta
38%
13,518 Mór
37%
17,565 Pécel
37%
14,473 Szarvas
37%
19,575 Várpalota
37%
23,579 Dunaharaszti
36%
23,949 Gyál
36%
13,515 Kiskőrös
36%
18,504 Monor
36%
14,525 Törökbálint
36%
18,572 Karcag
34%
14,468 Pilisvörösvár
34%
17,470 Dabas
33%
21,431 Fót
33%
19,344 Törökszentmiklós
33%
20,764 Veresegyház
33%
14,301 Berettyóújfalu
32%
15,002 Biatorbágy
32%
18,879 Pomáz
32%
14,841 Abony
31%
20,231 Gyömrő
30%
16,994 Balmazújváros
29%
16,085 Hajdúnánás
29%
15,785 Mezőtúr
28%
13,879 Kistarcsa
26%
17,644 Szigethalom
24%
14,000 Hajdúsámson
22%
No matching quizzes found
Score Distribution
Percent of People with Each Score
Percentile by Number Answered
Your Score History
You have not taken this quiz